00425nam a2200157Ia 4500008004100000020001500041041001200056082001100068100001600079245008400095250000800179260003900187300000800226650001500234700001800249221030s9999 xx 000 0 und d a8131710890 aEnglish a105.23 aR. R. Still 0aSales Management - Decisions, Strategies & Casescby R. R. Still, E. W. Cundiff a5th bPearson EdcuationaNew Delhic2009 a638 aManagement aE. W. Cundiff